Izmenchivostʹ organizmov v geologicheskom proshlom.

Bibliographic Details
Main Author: Davitashvili, L. Sh. (Leo Shiovich), 1895-1977
Format: Book
Language:Russian
Published: Tbilisi : "Met︠s︡niereba,", 1970.
Subjects:

MARC

Tag First Indicator Second Indicator Subfields
LEADER 00000cam a22000001 4500
001 in00001054821
005 20150929084054.0
008 850329s1970 gsra 000 0 rus c
010 |a  70869338  
015 |a USSR71-VKP 
020 |c 1.88rub 
035 |a (OCoLC)07548480 
035 |9 AFK4211AM 
040 |a DLC/ICU  |c CGU  |d m.c.  |d TXA  |d UtOrBLW 
041 0 |a rus  |b eng  |b geo 
049 |a TXAM 
050 0 0 |a QE721  |b .D37 
100 1 |a Davitashvili, L. Sh.  |q (Leo Shiovich),  |d 1895-1977. 
245 1 0 |a Izmenchivostʹ organizmov v geologicheskom proshlom. 
264 1 |a Tbilisi :  |b "Met︠s︡niereba,",  |c 1970. 
300 |a 254 pages with illustrations, 9 leaves of illustrations ;  |c 26 cm. 
336 |a text  |b txt  |2 rdacontent 
337 |a unmediated  |b n  |2 rdamedia 
338 |a volume  |b nc  |2 rdacarrier 
500 |a At head of title: L.Sh. Davitashvili. 
500 |a Added title page in Georgian. 
500 |a On leaf preceding title page: [Akademii︠a︡ nauk Gruzinskoĭ SSSR. Institut paleobiologii]. 
500 |a Summaries in Georgian and English. 
650 0 |a Paleobiology. 
650 0 |a Variation (Biology) 
999 |a MARS 
999 f f |s 8969de2c-0fde-315c-8ae2-6cebefed19e8  |i da0b530f-dfa9-32b8-991a-2e13f5f94a4c  |t 0 
952 f f |p ric  |a Texas A&M University  |b Rellis Campus  |c Joint Library Facility  |d Remote Storage  |t 0  |e QE721 .D37  |h Library of Congress classification  |i unmediated -- volume  |m A14815578683 
998 f f |a QE721 .D37  |t 0  |l Remote Storage